00437nam a22001337a 450000500170000000800410001704100130005808200150007110000130008624501440009926000090024330000260025265000250027820231124083242.0231124b |||||||| |||| 00| 0 eng d aEnglish  a341.1 NAM  lEnglish  aFirst National Conference on Small Arms and Light Weapons in Support of the Implementation of the SADC Protocol on Firearms and Ammunition  c2002 b134 pages ; c22 cm.  aLegal practice bLaw